Análisis de estados contables en contextos de inflación (Registro nro. 12515)
[ vista simple ]
| 000 -LEADER | |
|---|---|
| fixed length control field | 00324 a2200109 4500 |
| 001 - CONTROL NUMBER | |
| control field | ART_50481 |
| 005 - DATE AND TIME OF LATEST TRANSACTION | |
| control field | 20260410161632.0 |
| 008 - FIXED-LENGTH DATA ELEMENTS--GENERAL INFORMATION | |
| fixed length control field | 260409a |
| 100 1# - MAIN ENTRY--PERSONAL NAME | |
| Personal name | García, Fernando G. |
| 245 10 - TITLE STATEMENT | |
| Title | Análisis de estados contables en contextos de inflación |
| 773 0# - HOST ITEM ENTRY | |
| Title | Enfoques |
| Related parts | - N°12 (dic. 2019) |
| Record control number | REV416 |
No hay ítems disponibles.